| 000 | 00970cam a2200277 a 4500 | ||
|---|---|---|---|
| 001 | 15889190 | ||
| 005 | 20180206093020.0 | ||
| 008 | 090901s2010 maua b 001 0 eng | ||
| 010 | _a 2009936168 | ||
| 020 | _a9780495901143 | ||
| 020 | _a9780495901143 (annotated instructor's edition) | ||
| 020 | _a9780495898825 (international student edition) | ||
| 040 |
_aDLC _cDLC |
||
| 050 | 0 | 0 |
_aLB2395.3 _b.A33 2010 |
| 100 | 1 | _aAdams, W. Royce. | |
| 245 | 1 | 0 |
_aDeveloping reading versatility / _cW. Royce Adams. |
| 250 | _a11th ed. | ||
| 260 |
_aBoston, MA : _bWadsworth, Cengage Learning, _c2010. |
||
| 300 |
_axviii, 413 p. : _bill. ; _c28 cm. |
||
| 504 | _aIncludes bibliographical references and index. | ||
| 650 | 0 | _aReading (Higher education) | |
| 650 | 0 | _aReading comprehension. | |
| 906 |
_a7 _bcbc _corignew _d2 _eepcn _f20 _gy-gencatlg |
||
| 942 |
_2lcc _cBK |
||
| 999 |
_c52039 _d52039 |
||